000 00364cam a22001217a 4500
008 180718b1996 xxu||||| |||| 00| 0 eng d
082 _aY16x54 D535
100 _aDhar, T.N.
245 _aWastelands-potential for prosperity
_cby T.N. Dhar
260 _aLucknow
_bIndian Institute of Public Administration
_c1996
300 _a29p.
650 _aLand settlement - India
999 _c482133
_d482133